| 000 | 00509nam a22001697a 4500 | ||
|---|---|---|---|
| 003 | OSt | ||
| 008 | 240321b |||||||| |||| 00| 0 eng d | ||
| 020 | _a9780756631956 | ||
| 041 | _aeng | ||
| 082 |
_a796 _bDUF/SP |
||
| 100 |
_aDuffy, Michael _9124 |
||
| 245 | _aThe Sports book: the games, the rules, the tactics and the techniques / | ||
| 260 |
_aLondon : _bD K Ltd, _c2007. |
||
| 300 |
_a448 p. _bBook Jacket Green Pastic carpet type _eColor Illustration |
||
| 650 |
_aSports and Games _9125 |
||
| 942 | _cBK | ||
| 999 |
_c14116 _d14116 |
||